Entry Nombre personal
001 - NÚMERO DE CONTROL
- campo de control: 240479
003 - IDENTIFICADOR DE NÚMERO DE CONTROL
- campo de control: ES-MaACL
005 - FECHA Y HORA DE LA ÚLTIMA TRANSACCIÓN
- campo de control: 20250514173718.0
008 - ELEMENTOS DE DATO DE LONGITUD-FIJA
- campo de control de longitud fija: 911123s1984 sp a 000 0 spa d
020 ## - NÚMERO INTERNACIONAL ESTÁNDAR DEL LIBRO
- Número Internacional Estándar del Libro: 84-85781-32-5
035 ## - NÚMERO DE CONTROL DEL SISTEMA
- Número de control de sistema: CSIC000253621
035 ## - NÚMERO DE CONTROL DEL SISTEMA
- Número de control de sistema: (ES-MaCSI)000253621MAD01-Aleph
040 ## - FUENTE DE CATALOGACIÓN
- Centro catalogador/agencia de origen: ES-MaCSI
- Lengua de catalogación: spa
- Centro/agencia transcriptor: VL
- Centro/agencia modificador: A2 0023429
080 ## - NÚMERO DE LA CLASIFICACIÓN DECIMAL UNIVERSAL
- Número de la Clasificación Decimal Universal: 917.285
100 1# - ENCABEZAMIENTO-NOMBRE DE PERSONA
- Nombre de persona: Perales, Iosu
500 ## - TRAZADO DE VÉASE ADEMÁS--NOMBRE DE PERSONA
- Nombre de persona: Incluye entrevista con Tomás Borges
